| 000 | 00917 a2200205 4500 | ||
|---|---|---|---|
| 001 | 59495 | ||
| 005 | 20260407155849.0 | ||
| 008 | 260407a1979 arg spa d | ||
| 003 | AR-UNSa-BCEJYS | ||
| 040 |
_aAR-UNSa-BCEJYS _bspa _cAR-UNSa-BCEJYS |
||
| 080 |
_a330.101.541 _xMacroeconomía |
||
| 245 | 1 | 0 | _aElementos de macroanalisis económico tradicional |
| 264 | 1 |
_aBuenos Aires : _bEl Coloquio _c1979 |
|
| 300 |
_a332 p. _c21 cm. |
||
| 505 | _a1. Teoría de las cuentas nacionales - 2. El contexto del macroanálisis económico - 3. El macroanálisis clásico - 4. Dificultades en el mercado de capitales clásico y dudas del supuesto clásico en materia de demanda monetaria - 5. El macroanálisis económico Keynesiano - 6. Inflación - 7. Comercio Internacional | ||
| 942 | _cBK | ||
| 590 | _aniveau_biblio:m niveau_hierar:0 | ||
| 100 | 1 | _aArgentato, Nicolás | |
| 700 | 1 | _aAsociación de Economistas Argentinos | |
| 999 |
_c6704 _d6704 |
||